[Event "Stay Safe Play From Home 184"]
[Site "T#646426Emanuel Laske"]
[Date "2020.05.29"]
[Round "2"]
[White "Little champs"]
[Black "Broken sword"]
[Result "0-1"]
[WhiteElo "2106"]
[BlackElo "2494"]
[Annotator "TA"]
[PlyCount "88"]
[EventDate "2020.05.29"]
[EventType "swiss (blitz)"]

{[%evp 9,87,6,4,8,10,-10,0,-2,-3,-43,-38,-81,-24,-107,-25,-29,64,-99,-90,-170,-127,-111,-118,-175,-160,-190,-177,-268,-279,-320,-291,-578,-358,-591,-491,-752,-737,-763,-760,-723,-721,-875,-842,-806,-756,-1585,-1581,-1580,-1560,-1492,-1481,-1804,-1800,-1820,-1627,-2887,-2660,-5908,-5904,-29985,-29986,-29988,-29989,-29989,-29990,-29990,-29991,-29992,-29993,-29995,-29996,-29996,-29995,-29995,-29996,-29997,-29998,-29998,-29999,-29999]} 1. d4 d5 2. e3 c6 3. Nf3 Nf6 4. Be2 Bf5 5. O-O e6 6. c4 {D04: Colle System.} Nbd7 7. Qb3 Qb6 8. Nc3 {The position is equal.} Be7 {[#]} 9. Rd1 $146 ({Predecessor:} 9. Bd2 Qxb3 10. axb3 Bc2 11. b4 dxc4 12. b5 O-O 13. bxc6 bxc6 14. Bxc4 Rfb8 15. Ra2 {½-½ (49) Mirzoev,A (2541)-Dumitrache,D (2462) Vila Nova de Gaia 2010}) 9... O-O 10. h3 Rfe8 (10... Qxb3 $17 11. axb3 Bc2) 11. Ne5 {[#]} (11. Ne1 $11 {remains equal.}) 11... Nxe5 ({Better is} 11... Qxb3 $1 $17 12. axb3 Bc2 13. Nxd7 Nxd7) 12. dxe5 $11 Nd7 {[#]} (12... Qxb3 $11 13. axb3 Ne4) 13. cxd5 $2 (13. e4 $1 $14 {[%mdl 512] was forced to keep a grip.} Bg6 (13... dxe4 14. Rxd7) 14. cxd5) 13... exd5 $17 14. f4 (14. e4 $17 {is a better defense.} dxe4 15. Nxe4) 14... Nc5 15. Qxb6 axb6 16. Bd2 (16. g4 $17 Bc2 17. Rd2) 16... f6 $19 17. exf6 Bxf6 18. Kf2 (18. g4 $142 Bc2 19. Re1) 18... b5 19. Be1 b4 20. g4 $2 (20. Nxd5 cxd5 21. Bxb4 Ne4+ 22. Kg1) 20... Bg6 21. f5 $2 (21. Nxd5 cxd5 22. Bxb4 Ne4+ 23. Kg1) 21... Bf7 22. Nb1 (22. Nb5 $142 cxb5 23. Bxb5) 22... Ne4+ 23. Kg2 Bxb2 24. Nd2 Nc3 {[%mdl 64] Double Attack} 25. Bf3 Bxa1 26. Rxa1 Rxa2 27. Rc1 Rxe3 28. Kg3 {[#]} Rxe1 $1 {[%mdl 64] Remove Defender} 29. Rxe1 Rxd2 30. Re7 b5 31. Rc7 Kf8 32. g5 Ne4+ 33. Bxe4 dxe4 {[%mdl 4096] Endgame KRB-KR} 34. Kf4 b3 {Black mates.} 35. f6 gxf6 36. gxf6 b2 37. Rc8+ Be8 38. Ke5 b1=Q 39. Ke6 Qb3+ {[%mdl 64] Double Attack} 40. Ke5 Qd5+ 41. Kf4 Rf2+ 42. Ke3 Rf3+ {[%mdl 64] Double Attack} 43. Ke2 Qd3+ 44. Ke1 Rf1# {Accuracy: White = 15%, Black = 60%.} 0-1

[Event "Stay Safe Play From Home 184"]
[Site "T#646426Emanuel Laske"]
[Date "2020.05.29"]
[Round "2"]
[White "The Next Contender"]
[Black "Trotsky"]
[Result "1-0"]
[WhiteElo "2026"]
[BlackElo "1561"]
[Annotator "RC"]
[PlyCount "65"]
[EventDate "2020.05.29"]
[EventType "swiss (blitz)"]

1. d4 {[%emt 0:00:01]} d5 {[%emt 0:00:01]} 2. c4 {[%emt 0:00:01]} e6 {[%emt 0:00:00]} 3. g3 {[%emt 0:00:00]} c5 {[%emt 0:00:00]} 4. Nf3 {[%emt 0:00:00]} Nc6 {[%emt 0:00:01]} 5. Bg2 {[%emt 0:00:00]} Nf6 {[%emt 0:00:02]} 6. cxd5 {[%emt 0:00:01]} exd5 {[%emt 0:00:01]} 7. dxc5 {[%emt 0:00:01]} Bxc5 {[%emt 0:00:01]} 8. O-O {[%emt 0:00:00]} Be6 {[%emt 0:00:01]} 9. Nc3 {[%emt 0:00:01]} a6 {[%emt 0:00:02]} 10. b3 {[%emt 0:00:00]} Qc7 {[%emt 0:00:01]} 11. Bb2 {[%emt 0:00:00]} O-O-O {[%emt 0:00:01]} 12. e3 {[%emt 0:00:00]} Bd6 {[%emt 0:00:01]} 13. Nd4 {[%emt 0:00:01]} Ng4 {[%emt 0:00:01]} 14. Rc1 {[%emt 0:00:01]} h5 {[%emt 0:00:01]} 15. h3 {[%emt 0:00:01]} Bxg3 {[%emt 0:00:03]} 16. fxg3 {[%emt 0:00:03]} Qxg3 {[%emt 0:00:01]} 17. Nf3 {[%emt 0:00:06]} Nce5 {[%emt 0:00:02]} 18. Qe1 {[%emt 0:00:09]} Nxf3+ {[%emt 0:00:02]} 19. Rxf3 {[%emt 0:00:00]} Qh2+ {[%emt 0:00:01]} 20. Kf1 {[%emt 0:00:00]} Qd6 {[%emt 0:00:03]} 21. Qg3 {[%emt 0:00:01]} Nh2+ {[%emt 0:00:04]} 22. Kf2 {[%emt 0:00:03]} Qxg3+ {[%emt 0:00:06]} 23. Rxg3 {[%emt 0:00:01]} g5 {[%emt 0:00:02]} 24. Rxg5 {[%emt 0:00:02]} Rdg8 {[%emt 0:00:02]} 25. Nxd5+ {[%emt 0:00:01]} Kb8 {[%emt 0:00:03]} 26. Bxh8 {[%emt 0:00:04]} Rxg5 {[%emt 0:00:02]} 27. Nf4 {[%emt 0:00:02]} Bf5 {[%emt 0:00:07]} 28. h4 {[%emt 0:00:01]} Rg4 {[%emt 0:00:01]} 29. Nxh5 {[%emt 0:00:01]} Be4 {[%emt 0:00:01]} 30. Be5+ {[%emt 0:00:01]} Ka7 {[%emt 0:00:03]} 31. Bxe4 {[%emt 0:00:00]} Rxe4 {[%emt 0:00:02]} 32. Bxh2 {[%emt 0:00:00]} Re7 {[%emt 0:00:02]} 33. Bf4 {[%emt 0:00:00] Âðåìÿ .} 1-0

[Event "Stay Safe Play From Home 184"]
[Site "T#646426Emanuel Laske"]
[Date "2020.05.29"]
[Round "2"]
[White "Lazieri3"]
[Black "Lucknow"]
[Result "1-0"]
[WhiteElo "2017"]
[BlackElo "1897"]
[Annotator "TA"]
[PlyCount "95"]
[EventDate "2020.05.29"]
[EventType "swiss (blitz)"]

{[%evp 9,95,-9,0,-27,-17,-77,-64,-89,-93,-94,-76,-70,-73,-146,-8,-3,22,14,17,22,21,17,106,76,81,12,13,0,0,0,38,0,0,0,0,0,0,0,0,0,0,0,0,0,0,0,58,58,58,70,79,6,93,14,85,54,206,0,0,0,0,-64,65,65,65,65,65,65,65,65,65,65,65,65,65,27,86,45,45,45,45,45,181,181,199,199,199,147]} 1. e4 c5 2. Nc3 d6 3. d3 e6 4. Nf3 Nf6 5. Bg5 Be7 6. h3 {B23: Closed Sicilian: Lines without g3.} Nc6 7. Bxf6 (7. Be2 $11) 7... Bxf6 $17 8. Be2 {Black is slightly better.} O-O 9. O-O {[#]} d5 $146 ({Predecessor:} 9... a6 10. b3 Bxc3 11. Rc1 Nd4 12. Nxd4 Bxd4 13. c3 Bf6 14. c4 b6 15. Re1 Bb7 {0-1 (22) Mladenov,V-Sijacic,D (1596) Sombor 2019}) 10. exd5 exd5 11. d4 (11. Nh2 $142) 11... b6 (11... Nxd4 $17 {White should prevent ...Re8.} 12. a3 Nxe2+ 13. Qxe2 Bf5) 12. dxc5 $11 bxc5 13. Qxd5 Qxd5 14. Nxd5 Bxb2 15. Rab1 Bd4 (15... Rb8 $11) 16. Nxd4 Nxd4 17. Bc4 (17. Bd3 $16) 17... Be6 18. c3 Bxd5 19. Bxd5 Rad8 {Strongly threatening ...Ne2+.} (19... Ne2+ {looks sharper.} 20. Kh2 Nxc3 21. Bxa8 Nxb1 22. Bb7 Nc3) 20. cxd4 {aiming for Bc4.} (20. Bc4 $5 {[%cal Rc3d4]} Nf5 21. Rfe1 $14) 20... Rxd5 21. dxc5 Rxc5 $14 {[%mdl 4096] Endgame KRR-KRR} 22. Rfc1 Ra5 23. Rb2 g6 24. Rc7 Kg7 25. g3 h5 26. h4 Rd8 27. Kg2 Rdd5 (27... Rd6 $11) 28. Rbb7 Rf5 29. Rxa7 {And now Rxf7+! would win.} Rad5 {Threatening ...Rd2.} 30. Rd7 (30. Rc3 $1 $16) 30... Rc5 {[#]} (30... Rxd7 $11 31. Rxd7 Ra5) 31. Rd2 (31. Rd3 $1 $16) 31... Rc3 (31... Ra5 $1 $11 {keeps the balance.} 32. Rdd7 Rac5) 32. a4 Rcf3 $2 {[#]} (32... g5 $14) 33. a5 $2 (33. Ra2 $1 $18) 33... Ra3 $11 34. a6 Rf6 35. Rdd7 ({White should try} 35. Rc7 $11 Rfxa6 36. Rcd7) 35... Raxa6 {[#]} (35... Ra2 $15) 36. Rxf7+ $1 $14 {[%mdl 576] Deflection} Rxf7 37. Rxa6 $15 {KR-KR} Rf5 38. Ra3 Rf7 39. Rf3 {Rxf7+ is the strong threat.} Re7 40. Re3 Rd7 41. Kf3 Rc7 42. g4 Rb7 (42... hxg4+ $11 43. Kxg4 Rc4+ 44. Kg3 Rc7) 43. gxh5 gxh5 44. Kg3 Rf7 45. Re5 Rd7 ({Black should play} 45... Kg6 $14) 46. Rxh5 $18 {White is clearly better.} Kg6 47. Rg5+ Kf6 48. f4 {Accuracy: White = 58%, Black = 52%.} (48. Rc5 $18) 1-0

[Event "Stay Safe Play From Home 184"]
[Site "T#646426Emanuel Laske"]
[Date "2020.05.29"]
[Round "2"]
[White "Grizzzly"]
[Black "Weltszmerc"]
[Result "0-1"]
[WhiteElo "1728"]
[BlackElo "2049"]
[Annotator "TA"]
[PlyCount "116"]
[EventDate "2020.05.29"]
[EventType "swiss (blitz)"]

{[%evp 10,116,2,16,10,0,30,17,44,21,44,-14,18,0,-2,-9,-6,-30,-18,-41,8,1,26,4,4,4,10,4,9,-37,0,0,0,-23,-15,-54,-60,-114,-114,-216,-217,-189,-146,-157,-164,-150,-162,-138,-125,-252,-250,-252,-235,-253,-253,-571,-571,-474,-141,-180,-156,-448,-127,-854,-822,-758,-806,-1517,-1054,-1379,-1488,-1406,-1349,-1939,-1983,-1548,-1508,-12257,-7507,-6625,-6079,-2735,-2302,-2386,-2110,-29981,-29982,-29985,-29979,-29982,-6721,-29991,-29992,-29996,-29997,-29998,-29997,-29998,-29998,-29999,-29997,-29997,-29998,-29998,-29997,-29997,-29997,-29997,-4927]} 1. d4 Nf6 2. c4 b6 3. Nc3 Bb7 4. Nf3 e6 5. Bf4 Be7 6. e3 O-O {E12: Queen's Indian: Unusual White 4th moves, 4 a3, 4 Nc3 Bb7 5 a3 and 4 Nc3 Bb7 .} 7. Bd3 d6 8. O-O Nbd7 {The position is equal.} 9. Qc2 Re8 {[#]} 10. Ne4 $146 ({White should play} 10. Rfd1 $14) ({Predecessor:} 10. Rac1 Nf8 11. Rfd1 Nh5 12. Bg3 Bxf3 13. gxf3 Bh4 14. Kh1 Nxg3+ 15. fxg3 Be7 16. Be4 Rc8 17. Bc6 Nd7 18. Qa4 b5 19. Nxb5 Nb6 {1-0 (19) Borowik,W (1379)-Pertaia,N Batumi 2016}) 10... Bf8 11. Bg5 h6 12. Bxf6 Nxf6 13. Nxf6+ Qxf6 14. Be4 Bxe4 15. Qxe4 e5 16. dxe5 dxe5 17. Rad1 Bd6 18. a3 a5 {[%cal Ba7a5,Ba5a4][%mdl 32]} 19. Qg4 (19. Rfe1 {is more complex.} g6 20. Rd5 Kg7 21. Red1 Qe7 22. h3) 19... Qe6 (19... e4 $5 {[%cal Re4f3]} 20. Nd4 Rad8 $11) 20. Qxe6 Rxe6 21. Nd2 f5 22. Nb3 a4 23. Nd2 (23. Nc1 $15) 23... e4 $17 24. f3 (24. Rc1 $17) 24... exf3 $19 25. Rxf3 Bc5 26. Kf2 {[#]} f4 $1 {[%mdl 512]} 27. Nf1 (27. Rxf4 Bxe3+) 27... g5 28. Ke2 Rae8 29. Kd2 (29. h4 $17) 29... Bxe3+ ({Don't play} 29... fxe3+ 30. Ke2 $19) 30. Nxe3 Rxe3 31. Rxe3 Rxe3 {[%mdl 4096] Endgame KR-KR} ({Not} 31... fxe3+ 32. Ke2 $11) 32. Kc2 $2 {[#]} (32. g3) 32... Re2+ 33. Kc3 Re7 $2 (33... Rxg2 $19 {has better winning chances.} 34. h3 f3) 34. Rd8+ Kf7 35. Ra8 $2 (35. Kd2 $17) 35... Re3+ $2 (35... Re2 $19 {is more deadly.} 36. Rc8 Rxg2 37. Rxc7+ Ke6 38. Rc6+ Ke5) 36. Kb4 $2 {[%mdl 8192]} (36. Kd2 $17) 36... Rb3+ 37. Kxa4 Rxb2 38. c5 Rxg2 39. Rc8 bxc5 40. Rxc7+ Kg6 41. Rxc5 f3 42. Rc6+ Kh5 {...f2 is the strong threat.} 43. Rf6 g4 44. Kb5 Rb2+ 45. Kc4 Rxh2 46. a4 Ra2 47. a5 Rxa5 48. Rf4 Ra1 49. Kd3 Kg5 (49... g3 $142 50. Rxf3 g2 51. Rh3+ Kg4 52. Rxh6 Kf5 53. Rh5+ Kf6 54. Rh6+ Kg7 55. Rd6 g1=Q 56. Rd7+ Kf6 57. Rb7 Qd1+ 58. Kc3 Rc1+ 59. Kb4 Rb1+ 60. Kc3 Rxb7 61. Kc4 Qc2+ 62. Kd4 Re7 63. Kd5 Rd7#) 50. Ke3 Ra3+ {Black mates.} 51. Kf2 Kxf4 {KR-K} 52. Kf1 Ra2 53. Kg1 Ke3 54. Kf1 Re2 55. Kg1 h5 56. Kh1 h4 57. Kg1 Rg2+ 58. Kh1 Rf2 {Accuracy: White = 42%, Black = 74%.} (58... Rg3 $142 59. Kh2 Kf2 60. Kh1 Rh3#) 0-1

[Event "Stay Safe Play From Home 184"]
[Site "T#646426Emanuel Laske"]
[Date "2020.05.29"]
[Round "2"]
[White "Germanicus G"]
[Black "Rogan"]
[Result "0-1"]
[WhiteElo "1264"]
[BlackElo "2255"]
[Annotator "RC"]
[PlyCount "22"]
[EventDate "2020.05.29"]
[EventType "swiss (blitz)"]

1. e4 {[%emt 0:00:05]} d5 {[%emt 0:00:00]} 2. exd5 {[%emt 0:00:01]} Nf6 {[%emt 0:00:00]} 3. c4 {[%emt 0:00:03]} c6 {[%emt 0:00:01]} 4. dxc6 {[%emt 0:00:07]} Nxc6 {[%emt 0:00:00]} 5. Nf3 {[%emt 0:00:10]} Bg4 {[%emt 0:00:16]} 6. Be2 {[%emt 0:00:05]} e5 {[%emt 0:00:01]} 7. d3 {[%emt 0:00:10]} Bb4+ {[%emt 0:00:02]} 8. Bd2 {[%emt 0:00:03]} O-O {[%emt 0:00:01]} 9. a3 {[%emt 0:00:05]} Bxd2+ {[%emt 0:00:01]} 10. Nbxd2 {[%emt 0:00:02]} Bxf3 {[%emt 0:00:00]} 11. Nxf3 {[%emt 0:00:07]} Nd4 {[%emt 0:00:00] Zeit (Lag: Av=0.21s, max=0.3s)} 0-1

[Event "Stay Safe Play From Home 184"]
[Site "T#646426Emanuel Laske"]
[Date "2020.05.29"]
[Round "3"]
[White "Broken sword"]
[Black "Tolka"]
[Result "1-0"]
[WhiteElo "2498"]
[BlackElo "2285"]
[Annotator "TA"]
[PlyCount "107"]
[EventDate "2020.05.29"]
[EventType "swiss (blitz)"]

{[%evp 17,107,83,86,58,69,77,154,146,145,141,153,98,139,139,158,160,162,141,174,142,376,362,360,377,603,404,773,577,588,260,769,751,1002,921,2337,2272,6736,1295,2194,1604,1501,1491,1243,909,856,616,1112,1104,1033,1037,1872,1858,1765,1671,1320,1249,2154,2210,2835,2593,29977,29977,29975,29972,29978,29979,29979,29980,29976,29977,29983,29984,29988,29985,29984,29983,29983,29983,29984,29985,29993,29994,29995,29996,29996,29995,29996,29996,29996,29997,29998,29996]} 1. e4 d6 2. d4 Nf6 3. Nc3 e5 4. Nge2 Nc6 5. Be3 Be7 6. f3 exd4 7. Nxd4 Nxd4 8. Qxd4 O-O 9. O-O-O Be6 10. Kb1 {C45: Scotch Game.} c5 11. Qd2 a6 {[#]} ({Black should play} 11... Qb6) 12. g4 $1 $16 {White is clearly better.} b5 13. g5 Nd7 14. h4 {[#]} (14. f4 $142) 14... b4 $146 {White must now prevent ...Ne5.} ({Predecessor:} 14... Ne5 15. f4 Nc4 16. Bxc4 bxc4 17. Nd5 Bxd5 18. Qxd5 Qc7 19. h5 g6 20. hxg6 hxg6 21. f5 {1-0 (22) Ane,R (1986)-Tang Hon Yue,T (1390) St Denis 2009}) 15. Nd5 Bxd5 16. Qxd5 Nb6 17. Qd2 a5 18. h5 b3 $2 {A mistake that costs the game.} (18... a4 $16 {was necessary.} 19. Be2 Qe8) 19. cxb3 $18 a4 20. b4 a3 (20... Qb8 $142 21. h6 g6) 21. b3 {[%cal Bb2b3,Bb3c4,Bc4c5][%mdl 32]} c4 (21... Qc7 $142 22. g6 Qc6 23. gxh7+ Kxh7) 22. bxc4 Na4 23. g6 (23. h6 $142 g6 24. Qd4) 23... fxg6 $2 (23... h6 24. Bh3 Qe8) 24. hxg6 {White threatens Qd5+ and mate.} hxg6 {[#]} 25. c5 $1 {[%mdl 512] Bc4+ is the strong threat.} Bf6 (25... dxc5 26. Bc4+) 26. Bc4+ Rf7 27. Bd4 (27. Bxf7+ $142 Kxf7 28. Qd5+ Ke7 29. Qb7+ Ke6 30. Rxd6+ Qxd6 31. cxd6 Nc3+ 32. Kc2) 27... Bxd4 28. Qxd4 Qf6 29. Qxf6 gxf6 30. Kc2 dxc5 31. Kb3 Nb6 32. Bxf7+ Kxf7 33. bxc5 {[%mdl 4096] Endgame KRR-KRN} Nc8 34. Rh7+ Ke6 35. Rh8 Rb8+ 36. Kc3 Ke5 37. Rdd8 Rb2 38. Rxc8 Rxa2 39. c6 {White mates.} Ra1 40. c7 a2 41. Kb2 Rc1 42. Kxa2 Kf4 43. Rhf8 f5 44. exf5 gxf5 45. Kb2 Rc6 46. Kb3 Rb6+ 47. Kc4 Rc6+ 48. Kd5 Rxc7 49. Rxc7 Kxf3 50. Rxf5+ Ke2 51. Re5+ Kd1 52. Rf7 Kd2 53. Rf3 Kd1 54. Rh3 {Accuracy: White = 57%, Black = 18%.} 1-0

[Event "Stay Safe Play From Home 184"]
[Site "T#646426Emanuel Laske"]
[Date "2020.05.29"]
[Round "3"]
[White "Rogan"]
[Black "Eidgenosse"]
[Result "1-0"]
[WhiteElo "2255"]
[BlackElo "2488"]
[Annotator "TA"]
[PlyCount "55"]
[EventDate "2020.05.29"]
[EventType "swiss (blitz)"]

{[%evp 9,55,22,13,-41,22,-46,-38,-80,-75,-79,-73,-107,-102,-101,8,8,8,0,0,0,0,0,0,-1,0,-12,64,64,64,64,71,59,64,64,63,64,67,65,70,65,72,66,68,69,85,74,1083,981]} 1. d4 d6 2. c3 Nf6 3. Bg5 Nbd7 4. e3 g6 5. Bd3 Bg7 {[#]} 6. h4 $146 {A45: Trompowsky Attack.} (6. Bh4 $11) ({Predecessor:} 6. Ne2 b6 7. Nd2 Bb7 8. O-O O-O 9. a4 a6 10. b4 e5 11. b5 a5 12. Qb3 {1-0 (58) Al Sayed,M (2511)-Malakhov,V (2686) Riadh 2017}) 6... e5 ({Better is} 6... h6 $15 7. Bxf6 Nxf6) 7. dxe5 (7. h5 $11) 7... Nxe5 $15 8. Bc2 {Black is slightly better.} h6 9. Bxf6 Qxf6 10. Nf3 Bg4 {[%cal Re5f3]} 11. Nbd2 Bxf3 (11... O-O-O $17 12. a4 d5) 12. Nxf3 $11 Nxf3+ 13. Qxf3 Qxf3 14. gxf3 h5 15. O-O-O Bf6 16. f4 Ke7 17. f5 Rhg8 (17... g5 $11) 18. fxg6 $14 fxg6 19. Rdg1 Raf8 20. Rxg6 Rxg6 21. Bxg6 $16 {[%mdl 4096] Endgame KRB-KRB} Rh8 22. f4 c6 23. Kd2 d5 24. Kd3 Kf8 25. e4 dxe4+ 26. Kxe4 Kg7 27. Rg1 Re8+ $2 {[%mdl 8192] [#]} (27... Kf8 $16) 28. Bxe8+ {Accuracy: White = 74%, Black = 65%.} 1-0

[Event "Stay Safe Play From Home 184"]
[Site "T#646426Emanuel Laske"]
[Date "2020.05.29"]
[Round "3"]
[White "Weltszmerc"]
[Black "Mepe_Nika"]
[Result "0-1"]
[WhiteElo "2054"]
[BlackElo "2313"]
[Annotator "TA"]
[PlyCount "94"]
[EventDate "2020.05.29"]
[EventType "swiss (blitz)"]

{[%evp 25,94,46,100,56,54,-192,58,53,57,60,79,47,114,59,275,260,485,277,529,261,255,248,236,270,251,191,230,178,363,366,342,324,314,295,281,-166,-167,-167,-177,-152,-154,-286,-299,-297,-290,-250,-227,-209,-146,-204,-197,-200,-168,-287,-280,-1462,-391,-308,-24,-655,-641,-6616,-5106,-29979,-29979,-29990,-29991,-29992,-29992,-29993,-29994]} 1. d4 g6 2. c4 Bg7 3. Nc3 d6 4. e4 Nf6 5. Nge2 O-O 6. Be3 c5 7. f3 cxd4 8. Nxd4 Nc6 9. Qd2 Qa5 10. Be2 Bd7 11. O-O Rac8 12. Rac1 a6 13. Rfd1 Rfe8 (13... Nxd4 $14 14. Bxd4 (14. Qxd4 Rfe8 $14) 14... Rfe8) 14. b3 {B38: Sicilian: Maroczy Bind with 5...Bg7 and 7...0-0.} h5 15. Nd5 $2 {[#]} (15. Nxc6 $14 {stays ahead.} Rxc6 16. h3) 15... Nxd5 $146 (15... Qxd2 $19 16. Nxf6+ Bxf6 17. Rxd2 Nxd4 {[%mdl 64] Overworked Piece} 18. Bxd4 Bg5 {[%mdl 64] Skewer}) ({Predecessor:} 15... Qxd2 16. Nxf6+ Bxf6 17. Rxd2 Nxd4 18. Bxd4 Bg5 {0-1 (18) Bergmann,R-Medunova,V (2133) Bayerisch Eisenstein 2013}) 16. Qxa5 $14 {White is slightly better.} (16. exd5 $2 Qxd2 17. Rxd2 Nxd4 $17) 16... Nxa5 17. cxd5 b5 18. Kf2 Nb7 (18... e6 $14) 19. Nc6 ({White should try} 19. b4 $16) 19... a5 $2 (19... Nc5 $14) 20. Bxb5 $18 {[#] Black must now prevent Ba6.} Kh7 $2 (20... Ra8 {was necessary.} 21. a4 Kh7) 21. a4 (21. Ba6 $142) 21... e6 $2 (21... Nc5 22. Bxc5 dxc5 23. Nxe7 {[%mdl 64] Remove Defender} Rxe7) 22. Nd4 (22. Ba6 $142) 22... Bxb5 23. Nxb5 ({Don't take} 23. axb5 $6 exd5 24. exd5 Rxc1 $16) 23... exd5 24. exd5 Rxc1 25. Bxc1 h4 26. Bf4 Nc5 $2 (26... Be5 {was called for.}) 27. Nxd6 Rb8 28. Nxf7 Rxb3 {White should prevent ...Nd3+.} 29. Ng5+ Kg8 {With the idea ...Nd3+.} 30. Re1 $4 {[%mdl 8192]} (30. Kf1 $18 {and all is fine.}) 30... Nd3+ $19 {[%mdl 64] [#] Double Attack} 31. Kf1 {And now Re8+ would win.} Nxe1 32. Kxe1 {[%mdl 4096] Endgame KRB-KBN} Rb4 33. g3 (33. Bd2 $17 Rxa4 34. d6) 33... Rxa4 34. d6 {intending Ne6.} hxg3 35. hxg3 {and if Ne6 works, White does fine.} Bf6 36. Ne4 Bd8 37. Ke2 (37. Nc5 $17 Rc4 38. Ne6) 37... Ra2+ 38. Kd3 a4 39. g4 (39. d7 $142 Rb2 40. Bc1 (40. Bg5 $2 Bxg5 41. Nxg5 Rb8 $19) 40... Rb3+ 41. Kc4) 39... a3 40. Bg5 $2 (40. Be5) 40... Ba5 $2 (40... Bxg5 41. Nxg5 Rb2) 41. d7 Ra1 $2 (41... Rb2 $19 {...a2 is the strong threat.} 42. Bf6 Rb8) 42. Nf6+ $2 {[%mdl 8192]} (42. d8=Q+ $11 Bxd8 43. Bxd8) 42... Kf7 {aiming for ...a2.} 43. Nd5 a2 44. d8=Q Bxd8 {Black mates.} 45. Bxd8 Rd1+ 46. Ke2 a1=Q 47. Ne3 Rxd8 {Accuracy: White = 26%, Black = 41%.} 0-1

[Event "Stay Safe Play From Home 184"]
[Site "T#646426Emanuel Laske"]
[Date "2020.05.29"]
[Round "3"]
[White "SoulofWolf"]
[Black "The Next Contender"]
[Result "1-0"]
[WhiteElo "2036"]
[BlackElo "2028"]
[Annotator "TA"]
[PlyCount "63"]
[EventDate "2020.05.29"]
[EventType "swiss (blitz)"]

{[%evp 9,63,66,200,114,115,112,113,110,143,93,96,78,77,55,61,39,29,-29,-11,-25,13,0,139,-79,-70,-156,-161,-174,-26,-107,-3,-70,-78,-86,-62,-66,0,-75,-69,-73,-62,-57,384,385,739,739,1306,1240,1442,1415,29986,29987,29989,29987,29991,29990]} 1. d4 a5 2. Nf3 b6 3. c4 Bb7 4. g3 {[#]} Na6 $146 ({Predecessor:} 4... g6 5. Bg2 Bg7 6. O-O Nf6 7. Nc3 O-O 8. d5 d6 9. Qc2 Nbd7 10. b3 Nc5 11. Bb2 e5 12. dxe6 fxe6 13. Rad1 Qe7 14. Rfe1 e5 15. e4 Ne6 16. Nd5 {1-0 (51) Frosch,E (2323)-Frink,F (2203) Zalakaros 2001}) 5. Bg2 d5 (5... e6 $14) 6. O-O {A40: Unusual replies to 1 d4.} (6. cxd5 $1 $18 Nf6 7. e4) 6... dxc4 7. Qa4+ c6 8. Qxc4 {White is better.} e6 9. a3 Nf6 10. Bg5 Be7 11. e4 O-O 12. e5 Nd5 13. Bd2 (13. Bxe7 $142 Qxe7 14. Qe2) 13... b5 14. Qd3 Rc8 15. Rc1 c5 (15... b4 $11) 16. b3 $2 (16. Qxb5 $16 Qb6 17. Qxb6 Nxb6 18. Bxa5 cxd4 19. Nbd2) 16... cxd4 {Hoping for ...Nc5.} 17. Nxd4 (17. Rxc8 $15 Qxc8 18. Nxd4) 17... Rxc1+ $17 18. Bxc1 {[#]} Qb6 ({Better is} 18... Nc5 $1 $19 {[%cal Rc5d3]} 19. Qd2 f6 20. exf6 Bxf6) 19. Be3 (19. Bb2 $11) 19... Rb8 (19... Nxe3 $17 20. fxe3 Nc5) 20. Nd2 (20. Nf5 $11 Bc5 21. Bxd5 exf5 22. Bxb7 Qxb7 23. Nc3) 20... Nxe3 $15 21. fxe3 Bxg2 22. Kxg2 Qb7+ ({Black should try} 22... Nc5 $15 23. Qc2 Qb7+ 24. N2f3 h6) 23. N2f3 (23. Qe4 $11) 23... Nc5 $17 24. Qc2 Rc8 25. Rc1 {b4 is the strong threat.} Bd8 $2 {[%mdl 8192] [#]} (25... Rc7 $15 {keeps the upper hand.}) 26. b4 $1 $18 {[%cal Bb3b4,Bb4c5,Bc5c6][%mdl 32]} Rc7 $2 (26... Be7 27. Nb3 {[%mdl 64] Pin} (27. bxc5 Rxc5 28. Qd2 Rxc1 $18) (27. bxa5 Ra8 $14) 27... Qd5 28. Nxc5 h6) 27. bxc5 Qd5 28. c6 Be7 29. e4 Bxa3 30. exd5 {White mates.} exd5 31. Rb1 Bf8 32. Nxb5 {White used his chance. Accuracy: White = 50%, Black = 37%.} 1-0

[Event "Stay Safe Play From Home 184"]
[Site "T#646426Emanuel Laske"]
[Date "2020.05.29"]
[Round "3"]
[White "Lazieri3"]
[Black "Germanicus G"]
[Result "1-0"]
[WhiteElo "2028"]
[BlackElo "1264"]
[Annotator "TA"]
[PlyCount "37"]
[EventDate "2020.05.29"]
[EventType "swiss (blitz)"]

{[%evp 9,37,-66,-61,-120,-115,-122,-122,-147,-141,-160,-152,-145,-153,-165,-156,-207,-206,-202,-168,-211,-179,-200,-182,-198,-179,-181,-127,-161,-154,-155]} 1. e4 e6 2. Nc3 d5 3. e5 c5 4. Nf3 Nc6 5. d4 cxd4 6. Nxd4 {C02: French: Advance Variation.} ({Better is} 6. Nb5 $15) 6... Nxe5 $17 7. Bb5+ Bd7 8. Bxd7+ {Black is better.} Nxd7 9. O-O Ngf6 10. Re1 {[#]} Be7 $146 ({Predecessor:} 10... Bc5 11. Nb3 Be7 12. Bf4 a6 13. Qf3 O-O 14. Qg3 Nh5 15. Qf3 Nxf4 16. Qxf4 Bf6 {0-1 (62) Kirilyonkov,V-Olkhovoy,Y Yuzhny 2010}) 11. Bf4 {Rxe6 would now be nice for White.} O-O 12. Ndb5 (12. Nb3 $17 {keeps fighting.}) 12... a6 $19 13. Nd4 Rc8 14. Nf3 Qb6 15. Rb1 Nc5 16. Ne5 Nce4 17. Nxe4 Nxe4 {[#]} (17... dxe4 $19 18. c3 Rfd8) 18. Rxe4 $1 {[%mdl 512]} dxe4 19. Nd7 {[%mdl 32768] Accuracy: White = 63%, Black = 72%. . Loss on time!?} 1-0